| 000 | 01215nam a2200229Ia 4500 | ||
|---|---|---|---|
| 001 | L240-51080 | ||
| 003 | IT-CnALBA | ||
| 008 | 170116s9999||||xx |||||||||||||| ||und|| | ||
| 040 |
_aIT-CnALBA _cIT-CnALBA |
||
| 041 | _aITALIANO | ||
| 100 | _aALBERICH EMILIO | ||
| 245 | 0 | _aLA COMUNITÀ CRISTIANA E L'INIZIAZIONE AL BATTESIMO. PROSPETTIVE E ORIENTAMENTI... | |
| 250 | _a1a ed. | ||
| 260 |
_a ROMA _bCENTRO CATECHISTICO PAOLINO _cn.d. |
||
| 300 | _a48 p. | ||
| 500 | _a... DI METODO E CONTENUTO PER UN'AZIONE PASTORALE CATECUMENA. ZAGNOLI R. LODI E. IL BATTESIMO NELL'UNITÀ DELL'INIZIAZIONE CRISTIANA. BATTESIMO E PASTORALE DELLA CHIESA LOCALE. LA FAMIGLIA E IL BATTESIMO DEI FIGLI. SOGGETTI DELLA CATECHESI, GENITORI FANCIU | ||
| 501 | _aSocietà San Paolo EM - Piazza San Paolo, 14 - 12051 ALBA (CN) (non commercial uses only) ® Copyright 2017 | ||
| 520 | _a... DI METODO E CONTENUTO PER UN'AZIONE PASTORALE CATECUMENA. ZAGNOLI R. LODI E. IL BATTESIMO NELL'UNITÀ DELL'INIZIAZIONE CRISTIANA. BATTESIMO E PASTORALE DELLA CHIESA LOCALE. LA FAMIGLIA E IL BATTESIMO DEI FIGLI. SOGGETTI DELLA CATECHESI, GENITORI FANCIU | ||
| 650 | _aTEOLOGIA SPIRITUALE CRISTIANA | ||
| 942 | _cBK | ||
| 957 | _71 | ||
| 999 |
_a57604 _bNO _g Copie: 1 _c309968 _d309968 |
||